Countries Evanescence has Visited - Statistics

General Stats
  • This quiz has been taken 29 times
  • The average score is 48 of 55
Answer Stats
Continent Country % Correct
Oceania Australia
100%
South America Brazil
100%
Asia China
100%
Europe France
100%
Europe Germany
100%
Asia Japan
100%
Oceania New Zealand
100%
South America Argentina
96%
North America Canada
96%
South America Chile
96%
Europe Italy
96%
Europe Portugal
96%
Asia/ Europe Russia
96%
Europe Spain
96%
North America United States of America
96%
Europe Belgium
92%
South America Colombia
92%
Europe Czech Republic
92%
Europe Denmark
92%
Europe Finland
92%
North America Mexico
92%
Europe Norway
92%
South America Paraguay
92%
Europe Poland
92%
Europe Romania
92%
Europe Slovakia
92%
Asia South Korea
92%
Europe Sweden
92%
Europe Austria
88%
Europe Bulgaria
88%
Europe Greece
88%
Asia Indonesia
88%
Asia Israel
88%
Europe Netherlands
88%
Asia/ Europe Turkey
88%
Europe United Kingdom
88%
North America Costa Rica
83%
Europe Hungary
83%
Europe Luxembourg
83%
South America Peru
83%
Africa South Africa
83%
Europe Switzerland
83%
Europe Ukraine
83%
Europe Belarus
79%
South America Ecuador
79%
Asia Malaysia
79%
Asia Taiwan
79%
Europe Lithuania
75%
Africa Morocco
75%
North America Panama
75%
Asia United Arab Emirates
75%
Asia Philippines
71%
Asia Singapore
67%
North America Trinidad and Tobago
67%
Asia Lebanon
58%
No matching quizzes found
Score Distribution
Percent of People with Each Score
Percentile by Number Answered
Your Score History
You have not taken this quiz